| 000 | 00460nam a2200169Ia 4500 | ||
|---|---|---|---|
| 003 | GCL | ||
| 008 | 140319s9999 xx 000 0 eng d | ||
| 040 |
_aGCL / _cGCL |
||
| 082 | 0 | 4 |
_aCC _b050.941 _bH S |
| 100 | 1 | _aNELLY HANNA \\=aIFAOv | |
| 245 | 1 | 0 |
_aSUPPLEMENT AUX ANNALES ISLAMOLOGIQUES: CAHIER NO 4,1984 / _cNELLY HANNA |
| 260 |
_a[S.N] : _bI.F.A.O |
||
| 300 | _a71 PP | ||
| 650 | 0 | 4 | _aحوادث المرور |
| 650 | 0 | 4 | _aPERIODICALS |
| 942 |
_2ddc _cBK |
||
| 999 |
_c17818 _d17818 |
||